Scientists' guide to poster presentations (Record no. 41987)

MARC details
000 -LEADER
fixed length control field 00329nam a2200121Ia 4500
020 ## - INTERNATIONAL STANDARD BOOK NUMBER
ISBN 0306460769
082 ## - DEWEY DECIMAL CLASSIFICATION NUMBER
Classification number 001.818
Item number GOS
100 ## - MAIN ENTRY--AUTHOR NAME
Personal name Gosling, Peter J
245 #0 - TITLE STATEMENT
Title Scientists' guide to poster presentations
260 ## - PUBLICATION, DISTRIBUTION, ETC. (IMPRINT)
Place of publication New York
Name of publisher Kluwer Academic/Plenum
Year of publication 1999
942 ## - ADDED ENTRY ELEMENTS (KOHA)
Koha item type Books
Holdings
Withdrawn status Lost status Damaged status Not for loan Home library Current library Date acquired Cost, normal purchase price Full call number Accession Number Koha item type
        RRII Library RRII Library 16/12/2021 29.95 001.818 GOS 22267 Books